000 01355nam a22002897a 4500
001 1268
005 20230810091355.0
008 230810b cb ||||| |||| 00| 0 khr d
020 _a9789924340942
040 _aFISKH
_beng
_cFISKH
_dFISKH
082 _a646.4
100 _aMav, Seaw
245 _aអត់ ទេ ! /
_cនិពន្ធដោយ សៀវ ម៉ាវ - រូបភាពដោយ ស៊ូ ខៃយុន ; បកប្រែពីភាសាអង់គ្លេសដោយ អ៊ូច សូដានី
250 _aបោះពុម្ពលើកទី ២ មិនា ២០២២
260 _aPhnom Penh :
_bSipar,
_c2022.
300 _a27 pages :
_bcolor illustrations ;
_c17 cm
490 _aតស់រៀន !
505 _aC
520 _aរៀបរាប់អំពីកុមារតូចម្នាក់ដែលតែងតែបដិសេធរាល់ការណែនាំរបស់មនុស្សធំ។
520 _aDescribes a young child who always refuses adult guidance.
521 _a100
_bLexile estimate
521 _aC
_bRaz-Plus
650 _aក្មេងតូច
_vបដិសេធ
_xការណែនាំ​
650 _aA young child
_vRefuse
_xGuidance
700 _aKhaiyun, Sou
_cillustrator
942 _2ddc
_cBK
_n0
999 _c1268
_d1268